ბათუმის შოთა რუსთაველის სახელმწიფო უნივერსიტეტის ბიბლიოთეკა

ინოვაციური ეკონომიკა და მართვა №3. ტ. 4. 2017 (ბიბ.ჩანაწერი № 54604)

000 -LEADER
fixed length control field 00738nam a2200205Ia 4500
001 - CONTROL NUMBER
control field 21671
003 - CONTROL NUMBER IDENTIFIER
control field GE_BSU
008 - FIXED-LENGTH DATA ELEMENTS--GENERAL INFORMATION
fixed length control field 181216s||||||||xx |||||||||||||| ||und||
040 ## - CATALOGING SOURCE
Transcribing agency GE_BSU
080 ## - UNIVERSAL DECIMAL CLASSIFICATION NUMBER
Universal Decimal Classification number პერიოდიკა
245 ## - TITLE STATEMENT
Title ინოვაციური ეკონომიკა და მართვა №3. ტ. 4. 2017
245 ## - TITLE STATEMENT
Remainder of title Innovative economics and management
245 ## - TITLE STATEMENT
Statement of responsibility, etc. მთ. რედ. გეჩბაია ბ.
260 ## - PUBLICATION, DISTRIBUTION, ETC.
Place of publication, distribution, etc. თბილისი
260 ## - PUBLICATION, DISTRIBUTION, ETC.
Date of publication, distribution, etc. 2017
300 ## - PHYSICAL DESCRIPTION
Extent 123 გვ. ; 29 სმ.
653 ## - INDEX TERM--UNCONTROLLED
Uncontrolled term Innovative economics and management
653 ## - INDEX TERM--UNCONTROLLED
Uncontrolled term ინოვაციური ეკონომიკა და მართვა №3. ტ.4. 2017
942 ## - ADDED ENTRY ELEMENTS (KOHA)
Koha item type პერიოდიკა
ეგზემპლარები
Withdrawn status Lost status Damaged status Not for loan Date acquired Barcode Date last seen Price effective from Koha item type Public note
        2018-12-17 p 78982 2018-12-17 2018-12-17 პერიოდიკა პერიოდიკა
        2018-12-17 p 78983 2018-12-17 2018-12-17 პერიოდიკა პერიოდიკა